000 00268nam a22001217a 4500
008 171019b xxu||||| |||| 00| 0 eng d
041 _aeng
080 _a338
100 _a53
101 _aMEN
245 _aECONOMICS OF TRANSPORTATION
_cLOCKLIN,D.P
942 _2udc
_cBK
999 _c34838
_d34838